000 00431pab a2200145 454500
008 180718b1989 xxu||||| |||| 00| 0 eng d
100 _aNag, Moni
245 _aPolitical awareness as a factor in accessibility of health services
_bA case study of rural Kerala and West Bengal
260 _c1989
300 _a417-26
362 _a25 Feb.
650 _aHealth Services
773 _aEconomic and Political Weekly
909 _a10076
999 _c10076
_d10076